[Event "CHN Team (Women)"]
[Site "Wuxi"]
[Date "2016.08.03"]
[Round "8.2"]
[White "Xiao, Yiyi"]
[Black "Wang, Doudou"]
[Result "1/2-1/2"]
[WhiteElo "2292"]
[BlackElo "2214"]
[PlyCount "61"]
[EventDate "2016.07.28"]
[EventType "team-swiss"]
[EventRounds "9"]
[EventCountry "CHN"]
[SourceTitle "CBM 173 Extra"]
[Source "ChessBase"]
[SourceDate "2016.08.29"]
[SourceVersion "1"]
[SourceVersionDate "2016.08.29"]
[SourceQuality "1"]
[WhiteTeam "Tianjing Chunhua (W)"]
[BlackTeam "Hebei Ticai (W)"]
[WhiteTeamCountry "CHN"]
[BlackTeamCountry "CHN"]

1. d4 d5 2. c4 e6 3. Nf3 Nf6 4. g3 dxc4 5. Bg2 c5 6. 0-0 Nc6 7. Qa4 Bd7 8. Qxc4 b5 9. Qc3 b4 10. Qd3 Rc8 11. Nbd2 cxd4 12. Nxd4 Nxd4 13. Qxd4 Bc5 14. Qd3 0-0 15. b3 Bc6 16. Qxd8 Rfxd8 17. Bxc6 Rxc6 18. Nc4 Bd4 19. Rb1 Ne4 20. Bb2 Bxb2 21. Rxb2 f6 22. f3 Nc3 23. Rc2 Nb5 24. Kf2 h5 25. Rfc1 Rdc8 26. Rd1 Na3 27. Nxa3 Rxc2 28. Nxc2 Rxc2 29. Rd4 a5 30. a3 bxa3 31. Ra4 1/2-1/2

[Event "CHN Team (Women)"]
[Site "Wuxi"]
[Date "2016.08.01"]
[Round "6.3"]
[White "Wang, Jue"]
[Black "Wang, Doudou"]
[Result "1/2-1/2"]
[WhiteElo "2381"]
[BlackElo "2214"]
[PlyCount "64"]
[EventDate "2016.07.28"]
[EventType "team-swiss"]
[EventRounds "9"]
[EventCountry "CHN"]
[SourceTitle "CBM 173 Extra"]
[Source "ChessBase"]
[SourceDate "2016.08.29"]
[SourceVersion "1"]
[SourceVersionDate "2016.08.29"]
[SourceQuality "1"]
[WhiteTeam "Beijing Beiao (W)"]
[BlackTeam "Hebei Ticai (W)"]
[WhiteTeamCountry "CHN"]
[BlackTeamCountry "CHN"]

1. e4 e5 2. Nf3 Nc6 3. Bb5 Nf6 4. d3 Bc5 5. Bxc6 dxc6 6. Qe2 Bg4 7. Nbd2 Qe7 8. h3 Bxf3 9. Qxf3 Nd7 10. a3 Qf6 11. Qe2 Nf8 12. Nb3 Bd6 13. Be3 Ne6 14. Na5 Rb8 15. 0-0 0-0 16. b4 c5 17. Rab1 cxb4 18. axb4 a6 19. c3 Qe7 20. Rfd1 Rfd8 21. Qa2 c6 22. Rd2 Bc7 23. Nb3 h6 24. Qc2 Rbc8 25. Qd1 Bd6 26. Bb6 Bc7 27. Be3 Bd6 28. Rdb2 c5 29. bxc5 Bxc5 30. d4 exd4 31. cxd4 Ba7 32. Qd3 Qf6 1/2-1/2